000 00562nam a2200169Ia 4500
008 220216s9999 xx 000 0 und d
100 _aSolichin M
245 0 _aPreparation of constant viscosity stabilized rubber from thin slab derived from latex in the presence of hydroxylamine neutral sulphate
260 _bIndonesian Journal of Natural Rubber Research
_c1995
300 _a80-84
650 _aHevea brasiliensis
650 _aLatex
650 _aOrganic compounds
650 _aPlant products
650 _aViscosity stabilized rubber
942 _cJS
999 _c65584
_d65584